Guess the Formula One Driver - Statistics

General Stats
  • This quiz has been taken 12 times
  • The average score is 14 of 24
Answer Stats
Picture Answer % Correct
Lewis Hamilton
100%
Ayrton Senna
91%
Charles Leclerc
91%
Michael Schumacher
91%
Lando Norris
82%
Max Verstappen
82%
Sebastian Vettel
82%
Valtteri Bottas
82%
Logan Sargeant
73%
Felipe Massa
64%
Nicholas Latifi
64%
Alain Prost
55%
Jules Bianchi
55%
Mika Häkkinen
55%
Nico Rosberg
55%
Niki Lauda
55%
Alberto Ascari
36%
Gilles Villeneuve
36%
Juan Manuel Fangio
36%
Emerson Fittipaldi
27%
Nelson Piquet
27%
Pedro de la Rosa
27%
Giancarlo Fisichella
18%
Jack Brabham
18%
No matching quizzes found
Score Distribution
Percent of People with Each Score
Percentile by Number Answered
Your Score History
You have not taken this quiz